00447 2200181 4500001002100000005001500021008004100036020001800077035001900095041000700114082001000121090001600131100002100147245002000168260003100188300002900219650001700248INLIS00000000000254620241224112546241224||||||||| | ||| |||| || |  a979-33-0701-3 0010-1224002546 aid0 a641.1 a641.1 LLE m0 aClaire Llewellyn00aMakanan Bergizi aSolobTiga Serangkaic2007 a24 hlm;ilus;21 x 26.5 cm 0aIlmu Terapan